000 00466nam a22001817a 4500
003 OSt
005 20180116183046.0
008 160720b xxu||||| |||| 00| 0 eng d
020 _a9788126141425
040 _c0
082 _a297.246 NAV 2010
100 _aM.I. Naved
245 _aEarly Leaders in Islam
_cM.I. Naved
260 _aNew Delhi
_bAnmol Publications PVT. Ltd
_c2010
300 _a302 p.
_bHB
440 _aEarly Leaders in Islam
942 _2ddc
_cBK
999 _c351437
_d351437